Aḥlām Shahrazād /

Saved in:

Main Author: Ḥusayn, Ṭāhā, 1889-1973 (Author)

Format: Book

Language: Arabic

Published: Miṣr : Maṭbaʻat al-Maʻārif wa-Maktabutihā, 1943.

Series: Iqraʼ (Cairo, Egypt) ; 1.

Subjects:

Tags: Add Tag

No Tags, Be the first to tag this record!

Call Number: PJ7864 .A35 A35 1943

LEADER 01108nam a2200265Ia 4500
003 OSt
005 20231207104048.0
008 130303s1943 ua 000 f ara d
952 |0 0  |1 0  |2 lcc  |4 0  |6 PJ7864 A35 A35 01943  |7 1  |9 57313  |a ARCE  |b ARCE  |d 2023-12-07  |l 0  |o PJ7864 .A35 A35 1943  |p 1031003  |r 2023-12-07 00:00:00  |w 2023-12-07  |y BK 
999 |c 29350  |d 29350 
043 |a f-ua--- 
050 4 |a PJ7864 .A35 A35 1943 
100 1 |6 880-01  |a Ḥusayn, Ṭāhā,  |d 1889-1973,  |e author 
245 1 0 |6 880-02  |a Aḥlām Shahrazād /   |c Ṭāhā Ḥusayn. 
264 1 |a Miṣr :   |b Maṭbaʻat al-Maʻārif wa-Maktabutihā,   |c 1943.  
300 |a 11, 144 pages ;   |c 18 cm. 
490 1 |a Iqraʼ (Cairo, Egypt) ;   |v 1  
500 |a Novel. 
600 0 0 |a Scheherazade,  |c Queen, consort of Shahryar, King of Persia (Legendary character)  |v Fiction.  |9 39371 
650 0 |a Arabic Fiction  |z Egypt. 
830 0 |a Iqraʼ (Cairo, Egypt) ;   |v 1.  
880 1 |6 100-01/(3/r  |a حسين، طه،‪‪‪‪‪‪‪  |d 1889-1973. 
880 1 0 |6 245-02/(3/r  |a أحلام شهرزاد   |c طه حسين.‪‪‪‪‪‪‪ 
901 |a reviewed 
942 |c BK  |2 lcc